CSR Trough the Internet: The Case of Italy
Úroveň prijatia postupov sociálnej zodpovednosti v Taliansku. Stupeň sociálnej zodpovednosti vyplývajúcej z webových stránok talianskych kótovaných spoločností.
Saved in:
| Main Author: | |
|---|---|
| Other Authors: | |
| Format: | Book Chapter |
| Language: | English |
| Subjects: | |
| Tags: |
No Tags, Be the first to tag this record!
|
MARC
| LEADER | 00000nla a2200000 4500 | ||
|---|---|---|---|
| 001 | 0243652 | ||
| 005 | 20220803161827.3 | ||
| 041 | 0 | |a eng | |
| 044 | |a MK | ||
| 245 | 1 | 0 | |a CSR Trough the Internet: The Case of Italy |c Stefano Amelio, Claudio Battistini |
| 520 | |a Úroveň prijatia postupov sociálnej zodpovednosti v Taliansku. Stupeň sociálnej zodpovednosti vyplývajúcej z webových stránok talianskych kótovaných spoločností. | ||
| 610 | 2 | 0 | |a zodpovednosť spoločenská |
| 610 | 2 | 0 | |a podnikanie elektronické |
| 610 | 2 | 0 | |a transparentnosť |
| 610 | 2 | 0 | |a stránky webové |
| 610 | 2 | 0 | |a Taliansko |
| 610 | 2 | 0 | |a budovanie značky |
| 100 | 1 | |a Amelio, Stefano | |
| 700 | 1 | |a Battistini, Claudio | |